| 000 | 00896nam a22002891 4500 | ||
|---|---|---|---|
| 001 | 35044 | ||
| 003 | BD-RjUL | ||
| 005 | 20211209052242.0 | ||
| 008 | 140520s1962 enk b 001 0 eng | ||
| 035 | _a(BD-RjUL)35138 | ||
| 035 | _a(OCoLC)2043441 | ||
| 040 |
_aDLC _cOO _dBD-RjUL _beng |
||
| 041 | _aeng | ||
| 082 |
_a361.1 _bNAC 1962 |
||
| 100 | 1 |
_aNatarajan, Swaminath _d1907- _9106716 |
|
| 245 | 1 | 2 |
_aA century of social reform in India / _cS. Natarajan. With a foreword by P. B. Gajendragadkar. |
| 250 | _a2d ed., rev. and enl. | ||
| 260 |
_aBombay, _aLondon : _bAsia Pub. House, _cc1962. |
||
| 300 |
_axx, 223 p. ; _c23 cm. |
||
| 504 | _aIncludes Bibliography and index. | ||
| 650 | 0 |
_aSocial problems. _9106717 |
|
| 651 | 0 |
_aIndia _xSocial conditions. _9106718 |
|
| 700 | 1 |
_aGajendragadkar, P. B. _9106719 |
|
| 942 |
_2ddc _cBK |
||
| 999 |
_c35044 _d35044 |
||